'New' Places Quiz Stats

 Plays Quiz Updated Sep 24, 2018

Also try: New 'New's
Challenge
Share
Tweet
Embed
Score 0/25 Timer 10:00
5 Plays Today
Category Place % Correct
CitiesNew York, USA
99.2%
US statesNew York
99.2%
US statesNew Jersey
89%
US statesNew Mexico
85.6%
US statesNew Hampshire
82.5%
CountriesNew Zealand
70.1%
US regionsNew England
68.5%
IslandsNewfoundland
65.9%
Canadian provincesNewfoundland and Labrador
65.5%
Canadian provincesNew Brunswick
54.6%
Australian statesNew South Wales
48.3%
IslandsNew Guinea
47.3%
CitiesNew Delhi, India
34.8%
Category Place % Correct
CitiesNew Orleans, USA
31.9%
CitiesNewark, USA
27.2%
French collectivitiesNew Caledonia
23.1%
Cities New Haven, USA
21.9%
Cities Newport, Gwent, UK
21%
CitiesNewcastle, South Africa
19.3%
Cities Newcastle upon Tyne, UK
19.3%
Cities Newcastle, Australia
19.3%
IslandsNew Britain
8.9%
Cities Newport News, USA
7.3%
IslandsNew Ireland
5.5%
IslandsNew Providence
2.4%

You're not logged in!

Compare scores with friends on all Sporcle quizzes.
OR
Log In

You Might Also Like...

Show Comments

Extras

Top Quizzes Today


Score Distribution

Your Account Isn't Verified!

In order to create a playlist on Sporcle, you need to verify the email address you used during registration. Go to your Sporcle Settings to finish the process.

Report this User

Report this user for behavior that violates our Community Guidelines.

Details: